000 01268nam a2200265Ia 4500
003 OSt
005 20220930095055.0
006 a|||||r|||| 00| 0
007 ta
008 220926b |||||||| |||| 00| 0 hin d
024 _a71405
037 _cTheses
040 _aCRL
_cCRL
_bhin
041 _2hin
_ahin
100 _aशर्मा, गौरव, ले.
110 _aदिल्ली विश्वविद्यालय. संगीत एवं ललित कला संकाय. संगीत विभाग
245 0 _aदिल्ली शहर के परम्परागत वाद्य निर्माता एवं उनका योगदान
_b एक विश्लेषणात्मक अध्ययन
246 _aDillī shahar ke paramparāgat vādya nirmātā evan unakā yogadāna: ek vishleṣhaṇātmak adhyayana
260 _c2020
300 _a236पृ0
_ap.
_ccm.
650 _aसंगीत शास्त्र
700 _aदिल्ली विश्वविद्यालय. संगीत एवं ललित कला संकाय. संगीत विभाग
942 _cDIS
_2CC
999 _c888276
_d888276